00488nam a22001217a 4500008004100000040005500041080002000096245015900116260005200275300001000327650001400337653001500351230616b |||||||| |||| 00| 0 eng d aNational Science LibrarycNational Science Library a621.74(063)bK6 aPaper contributed by the United Nation department of economic and social affairs centre for industrial developmentc/XXXIII International foundry congress aIndia: bInternational foundry congress, c1966 a178p. aEconomic  aInvestment